| 000 | 01165nam a2200241Ia 4500 | ||
|---|---|---|---|
| 001 | 606 | ||
| 003 | GE_BSU | ||
| 008 | 181216s||||||||xx |||||||||||||| ||und|| | ||
| 040 | _cGE_BSU | ||
| 080 | _a82-95(9479,22) | ||
| 100 | _aინგოროყვა, პავლე | ||
| 245 | _aგიორგი მერჩულე. ქართველი მწერალი მეათე საუკუნისა | ||
| 245 | _bნარკვევი ძველი საქართველოს ლიტერატურის, კულტურის და სახელმწიფოებრივი ცხოვრების ისტორიიდან | ||
| 260 | _aთბილისი | ||
| 260 | _b,,საბჭოთა მწერალი'', | ||
| 260 | _c1954 | ||
| 300 | _a1125 გვ. | ||
| 541 | _h20ლ . | ||
| 653 | _aგიორგი მერჩულე; საქართველოს ისტორია; | ||
| 653 | _aქართული კულტურის ისტორია; | ||
| 653 | _aქართული ლიტერატურის ისტორია; | ||
| 942 | _cBK | ||
| 999 |
_c34796 _d34796 |
||